[Event "Minsk Inautomarket op"]
[Site "Minsk"]
[Date "2007.07.11"]
[Round "2"]
[White "Khismatullin, Denis Rimovich"]
[Black "Begun, Sergei M"]
[Result "1-0"]
[WhiteElo "2566"]
[BlackElo "2371"]
[PlyCount "109"]
[EventDate "2007.07.10"]
[EventType "swiss"]
[EventRounds "9"]
[EventCountry "BLR"]
[SourceTitle "EXT 2008"]
[Source "ChessBase"]
[SourceDate "2007.11.25"]
[SourceVersion "1"]
[SourceVersionDate "2007.11.25"]
[SourceQuality "1"]

1. c4 e6 2. d4 Nf6 3. Nc3 d5 4. cxd5 exd5 5. Bg5 c6 6. e3 Qb6 7. Qd2 Ne4 8. Nxe4 dxe4 9. Ne2 Be6 10. Nc3 Qa5 11. Bh4 Bb4 12. a3 Bxc3 13. Qxc3 Qxc3+ 14. bxc3 Nd7 15. f3 exf3 16. gxf3 f6 17. c4 0-0 18. Rg1 Rae8 19. Kd2 Bf7 20. Bg3 Rd8 21. Kc3 Rfe8 22. e4 c5 23. d5 Ne5 24. Be2 Bh5 25. Raf1 b6 26. Bd1 Nf7 27. Bc7 Rc8 28. Ba4 Re7 29. d6 Rexc7 30. dxc7 Rxc7 31. f4 Re7 32. Bc6 Kf8 33. Bd5 g6 34. a4 Kg7 35. Re1 Nd6 36. e5 Nf5 37. exf6+ Kxf6 38. Rxe7 Nxe7 39. Be4 Nf5 40. a5 Nd6 41. Bd3 Bf3 42. axb6 axb6 43. Rb1 Nc8 44. Kd2 Ke6 45. Bf1 Bg4 46. Bg2 Kd6 47. Bb7 Kc7 48. Bxc8 Bxc8 49. Kc3 Bf5 50. Ra1 Kb7 51. Re1 h5 52. Re7+ Kc6 53. Rf7 Bb1 54. Kd2 Bf5 55. Ke3 1-0

[Event "Minsk op"]
[Site "Minsk"]
[Date "1997.??.??"]
[Round "9"]
[White "Begun, Sergei M"]
[Black "Dyachkov, Sergej"]
[Result "1/2-1/2"]
[WhiteElo "2370"]
[BlackElo "2525"]
[PlyCount "96"]
[EventDate "1997.??.??"]
[EventType "swiss"]
[EventRounds "9"]
[EventCountry "BLR"]
[SourceTitle "EXT 2000"]
[Source "ChessBase"]
[SourceDate "1999.11.16"]
[SourceVersion "1"]
[SourceVersionDate "1999.11.16"]
[SourceQuality "1"]

1. Nf3 d6 2. d4 Nf6 3. g3 Nbd7 4. Bg2 e5 5. 0-0 Be7 6. Nc3 0-0 7. e4 c6 8. a4 Qc7 9. b3 Re8 10. Re1 Nf8 11. h3 Ng6 12. Qd3 Bd7 13. Ba3 Rad8 14. Rad1 Qc8 15. Kh2 Be6 16. Qe3 Qb8 17. dxe5 dxe5 18. Bxe7 Rxd1 19. Rxd1 Rxe7 20. a5 Rd7 21. Rxd7 Nxd7 22. Ng5 Ngf8 23. Bf3 b6 24. axb6 axb6 25. Na4 b5 26. Nc5 Qd6 27. Ngxe6 fxe6 28. Nxd7 Nxd7 29. Be2 Qc5 30. Qxc5 Nxc5 31. Kg2 Na6 32. Kf3 Nb4 33. Bd1 Kf7 34. Ke3 Ke7 35. c3 Na2 36. Kd3 c5 37. h4 Kd6 38. Bg4 b4 39. c4 Ke7 40. Bf3 Kf6 41. Bg4 Nc1+ 42. Kc2 Na2 43. Kd3 g6 44. Bf3 h5 45. Kc2 Kg7 46. Kd3 Kh6 47. Bd1 Nc3 48. Bc2 Kg7 1/2-1/2

[Event "Minsk op"]
[Site "Minsk"]
[Date "1996.??.??"]
[Round "9"]
[White "Begun, Sergei M"]
[Black "Charnushevich, Aliaksei"]
[Result "1/2-1/2"]
[WhiteElo "2375"]
[BlackElo "2380"]
[PlyCount "115"]
[EventDate "1996.??.??"]
[EventType "swiss"]
[EventRounds "9"]
[EventCountry "BLR"]
[SourceTitle "EXT 2000"]
[Source "ChessBase"]
[SourceDate "1999.11.16"]
[SourceVersion "1"]
[SourceVersionDate "1999.11.16"]
[SourceQuality "1"]

1. d4 Nf6 2. Nf3 e6 3. Bg5 d5 4. e3 c5 5. c3 Nc6 6. Nbd2 cxd4 7. exd4 Bd6 8. Bd3 Qc7 9. a3 Bd7 10. c4 dxc4 11. Nxc4 Nd5 12. Nxd6+ Qxd6 13. 0-0 Nf4 14. Be4 h6 15. Bxf4 Qxf4 16. Re1 0-0 17. Qc1 Qd6 18. Qc5 Qf4 19. g3 Qg4 20. Ne5 Nxe5 21. dxe5 Bc6 22. Bxc6 Rfc8 23. Qe7 bxc6 24. Rad1 Qf3 25. Rd7 a5 26. Re3 Qh5 27. Kg2 Rab8 28. Rb7 Re8 29. Qc7 Rxb7 30. Qxb7 Qd1 31. Rf3 Rf8 32. Qxc6 Qe2 33. Qc3 a4 34. Rf4 Qa6 35. Rb4 Rd8 36. Qc4 Qxc4 37. Rxc4 Rd2 38. Rb4 h5 39. h4 Kh7 40. Kf3 Kg6 41. Ke3 Rc2 42. Rb7 Rc5 43. Ke4 Rc2 44. f3 Re2+ 45. Kf4 f6 46. Rb5 Rf2 47. exf6 gxf6 48. Rb4 e5+ 49. Ke3 Rg2 50. g4 Rh2 51. Rxa4 Rxb2 52. Ra6 hxg4 53. fxg4 Rh2 54. g5 Rh3+ 55. Ke2 Rh2+ 56. Kf3 Rxh4 57. gxf6 Rf4+ 58. Ke3 1/2-1/2

[Event "Minsk op"]
[Site "Minsk"]
[Date "1996.??.??"]
[Round "3"]
[White "Begun, Sergei M"]
[Black "Nedochetov, Mikhail"]
[Result "1/2-1/2"]
[WhiteElo "2375"]
[BlackElo "2200"]
[PlyCount "37"]
[EventDate "1996.??.??"]
[EventType "swiss"]
[EventRounds "9"]
[EventCountry "BLR"]
[SourceTitle "EXT 2000"]
[Source "ChessBase"]
[SourceDate "1999.11.16"]
[SourceVersion "1"]
[SourceVersionDate "1999.11.16"]
[SourceQuality "1"]

1. Nf3 d5 2. c4 c6 3. b3 Bg4 4. e3 Nd7 5. Be2 e6 6. 0-0 Ngf6 7. Bb2 Bd6 8. Nc3 0-0 9. Rc1 Re8 10. cxd5 exd5 11. Nd4 Bxe2 12. Qxe2 Bf8 13. a3 c5 14. Nf3 d4 15. Nb1 Ne5 16. Nxe5 Rxe5 17. Qc4 Rd5 18. exd4 cxd4 19. Qc7 1/2-1/2

[Event "Minsk op"]
[Site "Minsk"]
[Date "1996.??.??"]
[Round "6"]
[White "Timoshenko, Georgy"]
[Black "Begun, Sergei M"]
[Result "1-0"]
[WhiteElo "2500"]
[BlackElo "2375"]
[PlyCount "107"]
[EventDate "1996.??.??"]
[EventType "swiss"]
[EventRounds "9"]
[EventCountry "BLR"]
[SourceTitle "EXT 2000"]
[Source "ChessBase"]
[SourceDate "1999.11.16"]
[SourceVersion "1"]
[SourceVersionDate "1999.11.16"]
[SourceQuality "1"]

1. e4 c5 2. Nf3 e6 3. d4 cxd4 4. Nxd4 Nf6 5. Nc3 Nc6 6. Ndb5 Bb4 7. a3 Bxc3+ 8. Nxc3 d5 9. exd5 exd5 10. Bd3 d4 11. Ne2 h6 12. 0-0 0-0 13. b4 Bg4 14. Bb2 Nd5 15. Qd2 Bxe2 16. Bxe2 Nc3 17. Bxc3 dxc3 18. Qxc3 Nd4 19. Bc4 Rc8 20. Qd3 Qh4 21. Rae1 Rxc4 22. Re4 Nf3+ 23. gxf3 Rxe4 24. Qxe4 Qxe4 25. fxe4 Rd8 26. Kg2 Rd4 27. Re1 Kf8 28. Re3 Rc4 29. c3 b5 30. Kf3 Rc6 31. Rd3 Ra6 32. c4 bxc4 33. Rc3 Rc6 34. Ke3 Ke7 35. Kd4 Rd6+ 36. Kxc4 Rd2 37. Rf3 Ke6 38. Kb5 f6 39. Ka6 Rd7 40. a4 Ke5 41. b5 Kxe4 42. Rb3 g5 43. a5 g4 44. b6 axb6 45. axb6 f5 46. b7 Rxb7 47. Kxb7 f4 48. Kc6 h5 49. Kd6 h4 50. Ke6 h3 51. Kf6 g3 52. fxg3 f3 53. g4 f2 54. Rb1 1-0

[Event "BLR-ch"]
[Site "Minsk"]
[Date "1994.??.??"]
[Round "3"]
[White "Begun, Sergei M"]
[Black "Shulman, Yuri"]
[Result "1/2-1/2"]
[WhiteElo "2380"]
[BlackElo "2425"]
[PlyCount "25"]
[EventDate "1994.06.??"]
[EventType "tourn"]
[EventRounds "11"]
[EventCountry "BLR"]
[EventCategory "7"]
[SourceTitle "CBM 042 Extra"]
[Source "ChessBase"]
[SourceDate "1994.11.01"]
[SourceVersion "1"]
[SourceVersionDate "1994.11.01"]
[SourceQuality "1"]

1. Nf3 g6 2. d4 Bg7 3. e4 d6 4. Be2 e6 5. 0-0 Nd7 6. Bg5 Ne7 7. Nc3 h6 8. Be3 f5 9. Qd2 fxe4 10. Nxe4 Nf5 11. Ng3 Nf6 12. Nxf5 gxf5 13. g3 1/2-1/2

[Event "URS-chT Republics 19th final A"]
[Site "Azov"]
[Date "1991.??.??"]
[Round "3"]
[White "Begun, Sergei M"]
[Black "Ikonnikov, Vyacheslav"]
[Result "0-1"]
[WhiteElo "2385"]
[BlackElo "2480"]
[PlyCount "136"]
[EventDate "1991.??.??"]
[EventType "team-tourn"]
[EventRounds "3"]
[EventCountry "URS"]
[SourceTitle "EXT 2020"]
[Source "ChessBase"]
[SourceDate "2019.10.17"]
[SourceVersion "1"]
[SourceVersionDate "2019.10.17"]
[SourceQuality "1"]
[WhiteTeam "Belarus"]
[BlackTeam "Russia"]
[WhiteTeamCountry "BLR"]
[BlackTeamCountry "RUS"]

1. Nf3 Nf6 2. c4 c5 3. g3 b6 4. Bg2 Bb7 5. 0-0 g6 6. Nc3 Bg7 7. Re1 Ne4 8. Nxe4 Bxe4 9. d3 Bb7 10. Rb1 0-0 11. a3 d5 12. Nd2 Qd7 13. b4 dxc4 14. Bxb7 Qxb7 15. Nxc4 Nd7 16. Bb2 Qd5 17. Bxg7 Kxg7 18. Qd2 Rac8 19. Rec1 h5 20. Ne3 Qe6 21. Rc4 Ne5 22. Qb2 f6 23. Re4 Qd7 24. bxc5 bxc5 25. Qc3 Rc6 26. Nc4 Nf7 27. Qa5 Ng5 28. Re3 h4 29. Qa4 hxg3 30. Rxg3 Rh8 31. Ne3 Rc7 32. Qxd7 Rxd7 33. Rg4 Ne6 34. Ra4 Kf7 35. Rb2 Rh5 36. Rc4 Nd4 37. Ng2 Rd6 38. h4 Rb6 39. Rxb6 axb6 40. Kf1 g5 41. e3 Nf3 42. Ke2 Nxh4 43. Ne1 Nf5 44. Ra4 Nd6 45. Ra6 b5 46. a4 b4 47. Rb6 g4 48. d4 c4 49. Rxb4 Rh2 50. Kf1 Ne4 51. Rxc4 Rxf2+ 52. Kg1 g3 53. Rc2 Nd2 54. Rc1 Re2 55. Ng2 Nf3+ 56. Kh1 Ra2 57. Rf1 Ng5 58. Nf4 Nh3 59. Ng2 Rxa4 60. Rb1 Ra2 61. Rc1 f5 62. Rb1 Kf6 63. Rb6+ Kg5 64. Rb1 Kg4 65. Rf1 Rf2 66. Re1 Ng5 67. Ra1 Nf3 68. Rb1 f4 0-1

[Event "URS-chT Republics 19th Group1"]
[Site "Azov"]
[Date "1991.??.??"]
[Round "2"]
[White "Begun, Sergei M"]
[Black "Zagrebelny, Sergey"]
[Result "1/2-1/2"]
[WhiteElo "2385"]
[BlackElo "2450"]
[PlyCount "69"]
[EventDate "1991.??.??"]
[EventType "team-tourn"]
[EventRounds "5"]
[EventCountry "URS"]
[SourceTitle "EXT 2020"]
[Source "ChessBase"]
[SourceDate "2019.10.17"]
[SourceVersion "1"]
[SourceVersionDate "2019.10.17"]
[SourceQuality "1"]
[WhiteTeam "Belarus"]
[BlackTeam "Uzbekistan"]
[WhiteTeamCountry "BLR"]
[BlackTeamCountry "UZB"]

1. d4 Nf6 2. Nc3 d5 3. Bg5 h6 4. Bxf6 exf6 5. g3 c6 6. Bg2 Qb6 7. Rb1 Bb4 8. Nf3 Qa5 9. Qd3 Bxc3+ 10. bxc3 0-0 11. 0-0 Re8 12. Nd2 b6 13. Nb3 Qa4 14. Rfe1 Nd7 15. e4 Ba6 16. Qd2 Bc4 17. Nc1 dxe4 18. Rb4 Qa6 19. Bxe4 b5 20. Rb1 Bd5 21. Bxd5 cxd5 22. Nd3 Qxa2 23. Rxb5 Nb6 24. Nb4 Qa4 25. Rc5 Rxe1+ 26. Qxe1 Re8 27. Qd1 Qd7 28. Kg2 f5 29. Qd3 f4 30. Qf3 fxg3 31. hxg3 Rd8 32. Qf4 Rc8 33. Qe5 Re8 34. Qh5 Rd8 35. Qe5 1/2-1/2

[Event "URS Club Cup 1st"]
[Site "Nabereznye Chelny"]
[Date "1988.09.??"]
[Round "9"]
[White "Bareev, Evgeny"]
[Black "Begun, Sergei M"]
[Result "1-0"]
[WhiteElo "2550"]
[BlackElo "2385"]
[PlyCount "39"]
[EventDate "1988.09.30"]
[EventType "team-swiss"]
[EventRounds "11"]
[EventCountry "URS"]
[SourceTitle "EXT 2020"]
[Source "ChessBase"]
[SourceDate "2019.10.17"]
[SourceVersion "1"]
[SourceVersionDate "2019.10.17"]
[SourceQuality "1"]
[WhiteTeam "Moscow Tigran Petrosian"]
[BlackTeam "Minsk Chess & Draughts House"]
[WhiteTeamCountry "URS"]
[BlackTeamCountry "URS"]

1. d4 d5 2. c4 dxc4 3. Nf3 Nf6 4. Nc3 a6 5. e4 b5 6. e5 Nd5 7. a4 Nxc3 8. bxc3 Qd5 9. g3 Bb7 10. Bg2 Qd7 11. Ba3 e6 12. Bxf8 Kxf8 13. 0-0 g6 14. Ne1 Bxg2 15. Nxg2 Kg7 16. Qf3 Qc6 17. Qf6+ Kg8 18. axb5 axb5 19. d5 Qxd5 20. Nf4 1-0

[Event "URS Club Cup 1st"]
[Site "Nabereznye Chelny"]
[Date "1988.09.??"]
[Round "5"]
[White "Kruppa, Yuri"]
[Black "Begun, Sergei M"]
[Result "1-0"]
[WhiteElo "2435"]
[BlackElo "2385"]
[PlyCount "71"]
[EventDate "1988.09.30"]
[EventType "team-swiss"]
[EventRounds "11"]
[EventCountry "URS"]
[SourceTitle "EXT 2020"]
[Source "ChessBase"]
[SourceDate "2019.10.17"]
[SourceVersion "1"]
[SourceVersionDate "2019.10.17"]
[SourceQuality "1"]
[WhiteTeam "Kharkov"]
[BlackTeam "Minsk Chess & Draughts House"]
[WhiteTeamCountry "URS"]
[BlackTeamCountry "URS"]

1. e4 e6 2. d4 d5 3. Nc3 Bb4 4. e5 Ne7 5. a3 Bxc3+ 6. bxc3 0-0 7. Bd3 b6 8. Nh3 Ng6 9. Qh5 Qe8 10. Ng5 h6 11. Nxf7 Qxf7 12. Qxg6 Qxg6 13. Bxg6 Ba6 14. a4 c5 15. f4 Nc6 16. dxc5 bxc5 17. g3 Rab8 18. Ba3 Rfc8 19. Kf2 Na5 20. Rhb1 Rxb1 21. Rxb1 Nc4 22. Bc1 Kf8 23. Bd3 Rc7 24. Rb8+ Kf7 25. h3 Rc8 26. Rb1 h5 27. Be3 Rc7 28. Rb8 Nxe3 29. Kxe3 Bc8 30. a5 g6 31. c4 d4+ 32. Kd2 Bd7 33. Rh8 Kg7 34. Rd8 Kf7 35. c3 dxc3+ 36. Kxc3 1-0

[Event "BLR-ch"]
[Site "Minsk"]
[Date "1988.03.16"]
[Round "6"]
[White "Kalinitschew, Sergey"]
[Black "Begun, Sergei M"]
[Result "1/2-1/2"]
[WhiteElo "2420"]
[BlackElo "2385"]
[PlyCount "73"]
[EventDate "1988.??.??"]
[EventType "tourn"]
[EventRounds "13"]
[EventCountry "URS"]
[SourceTitle "EXT 2004"]
[Source "ChessBase"]
[SourceDate "2003.11.25"]
[SourceVersion "1"]
[SourceVersionDate "2003.11.25"]
[SourceQuality "1"]

1. d4 Nf6 2. Nf3 e6 3. c4 d5 4. g3 dxc4 5. Bg2 c5 6. 0-0 Nc6 7. Qa4 Bd7 8. Qxc4 b5 9. Qd3 Rc8 10. Nc3 cxd4 11. Nxd4 Nxd4 12. Qxd4 Bc5 13. Qd3 b4 14. Ne4 Nxe4 15. Bxe4 Qb6 16. Bf4 Bb5 17. Qf3 0-0 18. a4 bxa3 19. bxa3 Bc6 20. Rab1 Bxe4 21. Qxe4 Qc6 22. Qxc6 Rxc6 23. Rfc1 Rb6 24. a4 h6 25. Kg2 Rd8 26. Kf3 Rd5 27. g4 h5 28. h3 hxg4+ 29. hxg4 e5 30. Be3 Bxe3 31. Kxe3 Ra5 32. Rxb6 axb6 33. Rc4 b5 34. axb5 Rxb5 35. f3 Kh7 36. Ke4 Kg6 37. e3 1/2-1/2

[Event "Minsk Sokolsky Memorial 16th"]
[Site "Minsk"]
[Date "1988.??.??"]
[Round "?"]
[White "Basin, Leonid"]
[Black "Begun, Sergei M"]
[Result "1-0"]
[WhiteElo "2350"]
[BlackElo "2385"]
[PlyCount "117"]
[EventDate "1988.??.??"]
[EventType "tourn"]
[EventRounds "15"]
[EventCountry "URS"]
[SourceTitle "EXT 1998"]
[Source "ChessBase"]
[SourceDate "1997.11.17"]
[SourceVersion "1"]
[SourceVersionDate "1997.11.17"]
[SourceQuality "1"]

1. d4 Nf6 2. c4 e6 3. Nf3 d5 4. Nc3 c6 5. e3 Nbd7 6. Bd3 a6 7. 0-0 b5 8. b3 Be7 9. Qc2 Bb7 10. Bb2 bxc4 11. bxc4 dxc4 12. Bxc4 c5 13. Rfd1 Bxf3 14. gxf3 cxd4 15. Rxd4 0-0 16. Ne4 Qc7 17. Ng5 Rfc8 18. Rc1 Nf8 19. f4 Nd5 20. Nxf7 Kxf7 21. Rxd5 Qxc4 22. Rf5+ exf5 23. Qxf5+ Ke8 24. Rxc4 Rxc4 25. Bxg7 Rc5 26. Qe4 Rd8 27. f5 Kf7 28. Bd4 Rcd5 29. Bc3 Rc5 30. Bb4 Rc1+ 31. Kg2 Bxb4 32. Qxb4 Rcd1 33. e4 Kf6 34. Qc3+ Kg5 35. Qe5 h5 36. h4+ Kh6 37. Qf6+ Kh7 38. Qf7+ Kh6 39. Qg8 R1d7 40. Qg5+ Kh7 41. Qxh5+ Kg8 42. f6 Ne6 43. Kg3 Rd1 44. Qg6+ Kf8 45. Qh7 R8d7 46. Qh8+ Kf7 47. e5 R7d3+ 48. f3 Nd4 49. Kg4 Rg1+ 50. Kh5 Nf5 51. Qc8 Ng3+ 52. Kh6 Rd4 53. h5 Rh1 54. Qc7+ Ke6 55. Qe7+ Kf5 56. f7 Nxh5 57. Qg5+ Ke6 58. f8Q Nf6+ 59. Kg6 1-0

[Event "Minsk Sokolsky Memorial 16th"]
[Site "Minsk"]
[Date "1988.??.??"]
[Round "?"]
[White "Begun, Sergei M"]
[Black "Kamsky, Gata"]
[Result "1/2-1/2"]
[WhiteElo "2385"]
[BlackElo "2380"]
[PlyCount "80"]
[EventDate "1988.??.??"]
[EventType "tourn"]
[EventRounds "15"]
[EventCountry "URS"]
[SourceTitle "EXT 1998"]
[Source "ChessBase"]
[SourceDate "1997.11.17"]
[SourceVersion "1"]
[SourceVersionDate "1997.11.17"]
[SourceQuality "1"]

1. Nf3 Nf6 2. c4 c6 3. d4 d5 4. Qc2 g6 5. e3 Bf5 6. Qb3 Qb6 7. Nc3 Bg7 8. Qxb6 axb6 9. cxd5 Nxd5 10. Nxd5 cxd5 11. Bb5+ Nc6 12. Bd2 0-0 13. Ke2 Rfc8 14. Rhc1 Bd7 15. Bd3 Bf6 16. Rc3 e6 17. Rb3 Bd8 18. Ne5 Be8 19. f4 f6 20. Nf3 Na5 21. Bxa5 Rxa5 22. Rc3 Rxc3 23. bxc3 Ra3 24. c4 Bc6 25. Nd2 Be7 26. cxd5 exd5 27. Nb3 Bb4 28. Nc1 Ra8 29. Rb1 Ba3 30. Nb3 Kf8 31. Nd2 Bd6 32. Rb2 Ke7 33. Nb1 Ra4 34. Nc3 Rb4 35. Rxb4 Bxb4 36. Kd2 Kf7 37. Bc2 h6 38. Bb3 Ke7 39. a3 Ba5 40. Kd3 Kd6 1/2-1/2

[Event "BLR-ch"]
[Site "Minsk"]
[Date "1988.??.??"]
[Round "5"]
[White "Begun, Sergei M"]
[Black "Kovalev, Andrei"]
[Result "0-1"]
[WhiteElo "2385"]
[BlackElo "2440"]
[PlyCount "66"]
[EventDate "1988.??.??"]
[EventType "tourn"]
[EventRounds "13"]
[EventCountry "URS"]
[SourceTitle "EXT 2004"]
[Source "ChessBase"]
[SourceDate "2003.11.25"]
[SourceVersion "1"]
[SourceVersionDate "2003.11.25"]
[SourceQuality "1"]

1. Nf3 Nf6 2. g3 g6 3. b3 d6 4. d4 Bg7 5. Bb2 0-0 6. Bg2 c6 7. 0-0 Nbd7 8. Nbd2 Re8 9. e4 Qc7 10. Re1 e5 11. Nc4 Bf8 12. Qd2 Nb6 13. Nxb6 axb6 14. a4 Bg7 15. h3 exd4 16. Nxd4 Ra5 17. f4 Bd7 18. Rad1 Qc8 19. g4 h5 20. g5 Nh7 21. Bc3 Bxh3 22. Bxa5 bxa5 23. Nf5 Bxf5 24. exf5 Rxe1+ 25. Rxe1 Qxf5 26. Qxd6 Qxc2 27. Re8+ Nf8 28. Be4 Qxb3 29. f5 Qe3+ 30. Kf1 gxf5 31. g6 fxe4 32. gxf7+ Kxf7 33. Re7+ Kg8 0-1

[Event "Minsk Sokolsky Memorial 16th"]
[Site "Minsk"]
[Date "1988.??.??"]
[Round "?"]
[White "Begun, Sergei M"]
[Black "Mochalov, Evgeny Veniaminovic"]
[Result "1/2-1/2"]
[WhiteElo "2385"]
[BlackElo "2420"]
[PlyCount "28"]
[EventDate "1988.??.??"]
[EventType "tourn"]
[EventRounds "15"]
[EventCountry "URS"]
[SourceTitle "EXT 1998"]
[Source "ChessBase"]
[SourceDate "1997.11.17"]
[SourceVersion "1"]
[SourceVersionDate "1997.11.17"]
[SourceQuality "1"]

1. d4 d5 2. c4 c6 3. Nf3 Nf6 4. cxd5 cxd5 5. Nc3 Nc6 6. Bf4 Bf5 7. e3 e6 8. Bb5 Bb4 9. Ne5 0-0 10. Nxc6 bxc6 11. Bxc6 Ne4 12. 0-0 Nxc3 13. bxc3 Bxc3 14. Bxa8 Bxa1 1/2-1/2

[Event "Minsk Sokolsky Memorial 16th"]
[Site "Minsk"]
[Date "1988.??.??"]
[Round "?"]
[White "Dydyshko, Viacheslav"]
[Black "Begun, Sergei M"]
[Result "1-0"]
[WhiteElo "2470"]
[BlackElo "2385"]
[PlyCount "89"]
[EventDate "1988.??.??"]
[EventType "tourn"]
[EventRounds "15"]
[EventCountry "URS"]
[SourceTitle "EXT 1998"]
[Source "ChessBase"]
[SourceDate "1997.11.17"]
[SourceVersion "1"]
[SourceVersionDate "1997.11.17"]
[SourceQuality "1"]

1. d4 d5 2. c4 e6 3. Nc3 Nf6 4. Bg5 c5 5. cxd5 cxd4 6. Qa4+ Qd7 7. Qxd4 Nc6 8. Qd1 Nxd5 9. Nxd5 exd5 10. Nf3 d4 11. g3 Be7 12. Bg2 Bxg5 13. Nxg5 Qe7 14. Qd2 0-0 15. 0-0 Bf5 16. Rac1 Rfd8 17. Qf4 Bg6 18. Ne4 Rac8 19. Rfd1 h6 20. a3 Kh8 21. Rd2 Rd5 22. b4 a5 23. Nc5 Rf5 24. Qh4 Qxh4 25. gxh4 axb4 26. Nxb7 Ne7 27. Rxc8+ Nxc8 28. axb4 Rf4 29. e3 dxe3 30. fxe3 Rc4 31. b5 Nb6 32. Rd6 Rc1+ 33. Kf2 Nc4 34. Rd8+ Kh7 35. Bd5 Rc2+ 36. Kf3 Ne5+ 37. Kf4 Nd3+ 38. Kg3 Re2 39. Re8 Re1 40. Nd6 Rg1+ 41. Kf3 Rf1+ 42. Kg2 Rd1 43. Nxf7 Bf5 44. b6 Ne1+ 45. Kg3 1-0

[Event "Minsk Sokolsky Memorial 16th"]
[Site "Minsk"]
[Date "1988.??.??"]
[Round "?"]
[White "Kveinys, Aloyzas"]
[Black "Begun, Sergei M"]
[Result "0-1"]
[WhiteElo "2345"]
[BlackElo "2385"]
[PlyCount "134"]
[EventDate "1988.??.??"]
[EventType "tourn"]
[EventRounds "15"]
[EventCountry "URS"]
[SourceTitle "EXT 1998"]
[Source "ChessBase"]
[SourceDate "1997.11.17"]
[SourceVersion "1"]
[SourceVersionDate "1997.11.17"]
[SourceQuality "1"]

1. e4 e6 2. d4 d5 3. Nd2 Be7 4. Bd3 Nc6 5. c3 dxe4 6. Bxe4 Nf6 7. Bf3 0-0 8. Ne2 e5 9. Bxc6 bxc6 10. 0-0 Qd5 11. dxe5 Qxe5 12. Nf3 Qd5 13. Bf4 Bg4 14. Qxd5 Nxd5 15. Bg3 Rab8 16. b3 Bf6 17. Rac1 Rbe8 18. Rfe1 Bxf3 19. gxf3 Re6 20. c4 Nb4 21. Nf4 Rxe1+ 22. Rxe1 Nxa2 23. Nd3 h6 24. Bxc7 Rc8 25. Be5 Rd8 26. Nc5 Bxe5 27. Rxe5 Nb4 28. Re1 Rd2 29. Re8+ Kh7 30. Re7 Nd3 31. Rd7 Rd1+ 32. Kg2 Nf4+ 33. Kg3 Ne2+ 34. Kg4 Rg1+ 35. Kf5 Rg5+ 36. Ke4 Rxc5 37. Rxa7 f5+ 38. Kd3 Nf4+ 39. Kc3 Re5 40. b4 Kg6 41. Ra6 Re6 42. b5 cxb5 43. cxb5 Kf7 44. Kd4 Re1 45. b6 Ne6+ 46. Kd5 Rb1 47. Kc6 Ke7 48. Ra7+ Kf6 49. Rd7 Rc1+ 50. Kd5 Nf4+ 51. Kd6 Nd3 52. b7 Rb1 53. Rc7 Ne5 54. f4 Nf7+ 55. Kd7 Rd1+ 56. Kc6 Nd8+ 57. Kb6 Rb1+ 58. Ka7 Ra1+ 59. Kb6 Nxb7 60. Kxb7 Ra4 61. Rc6+ Kf7 62. Rc2 Rxf4 63. Kc6 Rd4 64. Kc5 Rd1 65. Ra2 Kg6 66. f4 Kh5 67. Rg2 g5 0-1

[Event "BLR-ch"]
[Site "Minsk"]
[Date "1987.??.??"]
[Round "?"]
[White "Dautov, Rustem"]
[Black "Begun, Sergei M"]
[Result "1-0"]
[WhiteElo "2445"]
[BlackElo "2385"]
[PlyCount "129"]
[EventDate "1987.07.02"]
[EventType "tourn"]
[EventRounds "15"]
[EventCountry "URS"]
[SourceTitle "EXT 1999"]
[Source "ChessBase"]
[SourceDate "1998.11.16"]
[SourceVersion "1"]
[SourceVersionDate "1998.11.16"]
[SourceQuality "1"]

1. d4 d5 2. Nf3 Nf6 3. c4 dxc4 4. Nc3 a6 5. e4 b5 6. e5 Nd5 7. a4 Bb7 8. e6 f5 9. Be2 g6 10. Ng5 Nxc3 11. bxc3 Bxg2 12. Rg1 Bd5 13. Nf7 Qc8 14. Nxh8 Qxe6 15. Kf1 Nd7 16. Bf3 Qc6 17. Bxd5 Qxd5 18. Qe2 Bg7 19. Nxg6 hxg6 20. Rxg6 Kf7 21. Qh5 Nf6 22. Qg5 Rg8 23. Qg2 Qxg2+ 24. Rxg2 Ne4 25. axb5 axb5 26. Ra3 Rh8 27. f3 Nf6 28. Bf4 Nd5 29. Rxg7+ Kxg7 30. Be5+ Nf6 31. Ra7 Rc8 32. Rb7 Kg6 33. Rxb5 c6 34. Rc5 Nd5 35. Kf2 Nxc3 36. Rxc4 Nd5 37. Kg3 Kg5 38. Rc5 e6 39. Ra5 Nf6 40. Bf4+ Kg6 41. Bd6 Nh5+ 42. Kf2 Nf6 43. Ra6 Nd5 44. Kg3 Kg5 45. Ra5 Kg6 46. Ra7 Rd8 47. Be5 Rc8 48. Rg7+ Kh6 49. Rd7 Kg6 50. Rd6 Kf7 51. Rd7+ Kg6 52. h4 c5 53. Rg7+ Kh6 54. dxc5 Rxc5 55. Rg8 Rc1 56. Rh8+ Kg6 57. h5+ Kf7 58. Rh7+ Kf8 59. h6 Rh1 60. Kg2 Rh5 61. Ra7 Kg8 62. Rg7+ Kf8 63. h7 Nf4+ 64. Kg3 Nd3 65. Bc3 1-0